000 01801nam a2200469 i 4500
001 196064
003 ES-MaACL
005 20250429063013.0
008 240811s1993 sp | |||| ||spa
016 7 _abimoBNE19930825678
_2SpMaBN
016 _aBNE19940026839
016 _aBNE19982521921
016 _aBNE19940148575
017 _aB 22554-1993
_bOficina Depósito Legal Barcelona
017 _aB 22554-1993
020 _a8445801384
035 _a(OCoLC)435398512
035 _a(SpMaBN)bimo0000354225
035 _a26527558-34bne_inst
035 _a26527557-34bne_inst
035 _a26527556-34bne_inst
035 _a991018992859708606
040 _aSpMaBN
_bspa
_cSpMaBN
_erdc
080 _a616.89-036.22
100 0 _aGonzález de Rivera y Revuelta, José Luis
_958571
_eaut
245 1 3 _aEl método epidemiológico en salud mental /
_cJosé Luis González de Rivera y Revuelta, Francisco Rodríguez Pulido, Antonio Sierra López.
260 _aBarcelona :
_bEdic. Científicas y Técnicas,
_cD.L. 1993.
300 _aXIX, 444 p. :
_c25 cm.
336 _2rdacontent
_atexto
337 _2rdamedia
_asin mediación
338 _2rdacarrier
_avolumen
504 _aBibliografía. Índice
650 7 _aEnfermedades mentales-
_xEpidemiología
_9173392
700 _aRodríguez Pulido, Francisco
_9238076
_eaut
700 _aSierra López, Antonio,
_d1940-
_9238077
_eaut
852 _aES-MaACL
_bR.152919
_cDEPOJ
_jN-9191
_hDonación: ¿J. L. González de Rivera y Revuelta?
_xEncuadernación cartoné
_9205096
883 1 _aCotejo registros de fondos y signatura-ítem
_d20220521
942 _cMONOGRAFIA
_n0
999 _c196064
_d196064